Văn học nước ngoài Phần 2 Văn học phương Tây

.

Sparad:
Bibliografiska uppgifter
Övriga upphovsmän: Nguyễn Trung Hiếu
Materialtyp: Bok
Språk:Vietnamese
Publicerad: Huế Cao đẳng Sư phạm Nghệ An 1994
Ämnen:
Taggar: Lägg till en tagg
Inga taggar, Lägg till första taggen!
Thư viện lưu trữ: Mạng thư viện Đại học Đà Nẵng
LEADER 01159nam a2200349 4500
001 000004631
003 771
005 20120502160512.0
008 110801s1994 viesd
020 |c 15000 
041 0 |a vie 
082 |a 808.8  |b VAN 
245 1 0 |a Văn học nước ngoài  |c Hoàng Mạnh Hùng  |n Phần 2  |p Văn học phương Tây 
260 |a Huế  |b Cao đẳng Sư phạm Nghệ An  |c 1994 
300 |a 174 tr.  |c 21 cm 
520 |a . 
653 |a Văn học thế giới 
653 |a Văn học phương Tây 
653 |a Hoàn Mạnh Hùng 
700 |a Nguyễn Trung Hiếu 
773 |t Văn học nước ngoài  |w 770 
910 |a Tăng Thị Thu Sương  |d 01/8/2011 
OWN |a LSP 
AVA |a UDN50  |b LSP  |d 808.8 VAN  |e available  |t Error 5001 Not defined in file expand_doc_bib_avail.  |f 2  |g 1  |h N  |i 0  |k 1 
999 |a From the UDN01 
AVA |a UDN50  |b LSP  |d 808.8 VAN  |e available  |t Error 5001 Not defined in file expand_doc_bib_avail.  |f 2  |g 1  |h N  |i 0  |k 1 
TYP |a Monograph 
TYP |a Printed language 
980 |a Mạng thư viện Đại học Đà Nẵng